Into the same image: (Record no. 13102)

000 -LEADER
fixed length control field 00594nam a2200181 a 4500
001 - CONTROL NUMBER
control field :::00010920$&:&@@
003 - CONTROL NUMBER IDENTIFIER
control field OkBaRHE
005 - DATE AND TIME OF LATEST TRANSACTION
control field 20000607103404.0
008 - FIXED-LENGTH DATA ELEMENTS--GENERAL INFORMATION
fixed length control field s1957 j 000 0 eng u
040 ## - CATALOGING SOURCE
Transcribing agency
100 1# - MAIN ENTRY--PERSONAL NAME
Personal name White, Reginald Ernest Oscar, 1914-
245 10 - TITLE STATEMENT
Title Into the same image:
Remainder of title expository studies of the Christian ideal.
260 ## - PUBLICATION, DISTRIBUTION, ETC. (IMPRINT)
Place of publication, distribution, etc Nashville, TN., :
Name of publisher, distributor, etc Broadman Press
Date of publication, distribution, etc 1957
300 ## - PHYSICAL DESCRIPTION
Extent 207 p. ;
Dimensions 23 cm.
650 ## - SUBJECT ADDED ENTRY--TOPICAL TERM
Topical term or geographic name as entry element Christian Life
942 ## - ADDED ENTRY ELEMENTS (KOHA)
Source of classification or shelving scheme
Koha item type Books
Copies
Date last seen Shelving location Date acquired Full call number Permanent Location Not for loan Lost status Damaged status Copy number Barcode Price effective from Source of classification or shelving scheme Withdrawn status Koha item type
2010-04-14General Stacks2010-04-14BV 4501.2 .W463RHEMA Bible Training College   1109202010-04-14  Books